| 000 | 00625nam a2200157 a 4500 | ||
|---|---|---|---|
| 001 | 000035111 | ||
| 005 | 20200930074119.0 | ||
| 008 | 111025s1909 sp 000 0 spa d | ||
| 040 |
_aDO-SdBNP _bspa _cBNPHU |
||
| 100 | 1 |
_aPerrín, Guillermo _960783 |
|
| 245 | 1 | 3 |
_aLa reina de los mercados : _bopereta en un acto, dividido en tres cuadros, en prosa / _cGuillermo Perrín, Miguel de Palacios ; música Pablo Luna. |
| 260 |
_aMadrid : _bR. Velasco imp. Marqués de Santa Ana, _c1909. |
||
| 300 |
_a40 p. ; _c20 cm. |
||
| 500 | _aEstrenada en Gran Teatro la noche del 3 de diciembre de 1909. | ||
| 700 | 1 | 2 |
_aLuna, Pablo, _emús. _960762 |
| 999 |
_c34602 _d34602 |
||